Report of the Comptroller and Auditor General of India, 1992-93 (Record no. 507360)

000 -LEADER
fixed length control field 00329nam a2200109 4500
082 ## - DEWEY DECIMAL CLASSIFICATION NUMBER
Classification number L906x54114 1992-93
100 ## - MAIN ENTRY--PERSONAL NAME
Personal name Government of Mizoram
9 (RLIN) 1480
245 ## - TITLE STATEMENT
Title Report of the Comptroller and Auditor General of India, 1992-93
260 ## - PUBLICATION, DISTRIBUTION, ETC. (IMPRINT)
Place of publication, distribution, etc Aizawl
Name of publisher, distributor, etc Comptroller and Auditor General of India
Date of publication, distribution, etc 1993
300 ## - PHYSICAL DESCRIPTION
Extent 155p.
942 ## - ADDED ENTRY ELEMENTS (KOHA)
Source of classification or shelving scheme

No items available.

Powered by Koha